MDQL
is popping MORE tags! Check the
thread
!
Quizzes
Events
Quiz Creation
Community
Videos
Private Events
Remove Ads
Sign In
Join for FREE
Feedback
Dark Mode
Quiz Categories
Sports
Geography
Music
Movies
Television
Just For Fun
Miscellaneous
History
Literature
Language
Science
Gaming
Entertainment
Religion
Holiday
For Kids
Quiz Lab
Recent
Popular Today
Quiz Kudos Today
Editor Picks
Curator Picks
Quizzes by...
Day
Popularity
Type
Ratings
Length
Year
Community
Subscriptions
Recent Discussions
Orange Saloon
Badges
Playlists
Quests
Create
Leaderboards
Showdown
Live 5
Trivia Bingo
Activity
Puzzle Library
Sporcle Events
Private Events
Virtual Trivia
Globe League
Become a Host
Pub Owners
SporcleCon
Opinionation
Our Games
Videos
Blog
Mobile Apps
Partnerships
Remove Ads and Go Orange
Feedback
Just For Fun
Clickable
Get the Picture
Humor
Quick Pick
Word Ladder
Missing Word
Mixed Word
Blitz
Minefield
This or That
Alphabet
Color
Typing
Sporcle
Puzzle
Word Play
Follow That Line
Logic
Just For Fun
Clickable
Get the Picture
Humor
Quick Pick
Word Ladder
Missing Word
Mixed Word
Blitz
Minefield
This or That
Alphabet
Color
Typing
Sporcle
Puzzle
Word Play
Follow That Line
Logic
Random Quiz
Search Sporcle
×
Quiz Lab
Quiz Lab
Just For Fun
Typing
Type in answers that appear in a list
Type in answers that appear in a list
Classic
Best Score? Go Orange.
1-200 typing challenge Stats
Can you name the 1-200 typing challenge?
By
eater4664
2m
200 Questions
24 Plays
24 Plays
24 Plays
Comments
Comments
Give Quiz Kudos
Give Quiz Kudos
-
- Ratings
hide this ad
Forced Order
Answers have to be entered in order
Answers have to be entered in order
Replay
Link that replays current quiz
Next Quiz
Link to next quiz in quiz playlist
You Got
0%
They Got
Avg Score
73%
Avg Friend Score
Upgrade to see
Score Distribution
Jump to the score distribution portion of the page
Score
0/200
Timer
02:00
0
Plays Today
Hurry
% Correct
1
100%
2
100%
3
100%
4
100%
5
100%
6
100%
7
95.8%
8
95.8%
9
95.8%
10
95.8%
11
95.8%
12
95.8%
13
95.8%
14
95.8%
15
95.8%
16
95.8%
17
95.8%
18
95.8%
19
95.8%
20
95.8%
21
91.7%
22
91.7%
23
91.7%
24
91.7%
25
91.7%
26
91.7%
27
91.7%
28
91.7%
29
91.7%
30
83.3%
31
83.3%
32
83.3%
33
83.3%
34
83.3%
35
83.3%
36
83.3%
37
83.3%
38
83.3%
39
83.3%
40
83.3%
41
83.3%
42
83.3%
43
83.3%
44
83.3%
45
83.3%
46
83.3%
47
83.3%
48
83.3%
49
83.3%
50
83.3%
54
83.3%
67
83.3%
69
83.3%
70
83.3%
71
83.3%
72
83.3%
73
83.3%
74
83.3%
75
83.3%
76
83.3%
77
83.3%
78
83.3%
79
83.3%
80
83.3%
81
83.3%
82
83.3%
83
83.3%
Hurry
% Correct
84
83.3%
85
83.3%
86
83.3%
87
83.3%
88
83.3%
89
83.3%
90
83.3%
91
83.3%
92
83.3%
93
83.3%
94
83.3%
95
83.3%
96
83.3%
97
83.3%
98
83.3%
99
83.3%
100
83.3%
101
83.3%
102
83.3%
103
83.3%
104
83.3%
105
83.3%
106
83.3%
51
79.2%
52
79.2%
53
79.2%
55
79.2%
56
79.2%
57
79.2%
58
79.2%
59
79.2%
60
79.2%
61
79.2%
62
79.2%
63
79.2%
64
79.2%
65
79.2%
66
79.2%
68
79.2%
107
79.2%
108
79.2%
109
75%
111
75%
112
75%
113
75%
114
75%
120
75%
110
70.8%
115
70.8%
116
70.8%
117
70.8%
118
70.8%
119
70.8%
121
70.8%
123
70.8%
124
70.8%
125
70.8%
126
70.8%
127
70.8%
128
70.8%
129
70.8%
130
70.8%
133
70.8%
134
70.8%
131
66.7%
132
66.7%
135
66.7%
Hurry
% Correct
136
66.7%
137
66.7%
138
66.7%
139
66.7%
140
66.7%
141
66.7%
142
66.7%
143
66.7%
144
66.7%
154
66.7%
155
66.7%
156
66.7%
145
62.5%
146
62.5%
147
62.5%
148
62.5%
149
62.5%
150
62.5%
151
62.5%
152
62.5%
153
62.5%
157
62.5%
158
62.5%
159
62.5%
160
62.5%
167
62.5%
122
58.3%
165
58.3%
166
58.3%
161
54.2%
162
54.2%
163
54.2%
164
54.2%
168
54.2%
169
54.2%
170
54.2%
200
54.2%
171
50%
172
50%
173
50%
174
50%
175
50%
176
50%
177
50%
178
50%
188
50%
189
50%
199
50%
179
45.8%
180
45.8%
181
45.8%
182
45.8%
183
45.8%
184
45.8%
185
45.8%
186
45.8%
187
45.8%
190
45.8%
192
45.8%
194
45.8%
191
45.8%
193
45.8%
195
45.8%
196
45.8%
198
45.8%
197
45.8%
Quiz Playlist
Details
Report
Send in Message
Add To Playlist
Classic:
Type in answers that appear in a list
Forced Order:
Answers have to be entered in order
Last Updated: Feb 16, 2017
Quiz Scoreboard
CHALLENGE
Sign Up to Join the Scoreboard
Show All
Scores
Hide
Comments
May contain spoilers
Recently Published
Image Sorting: Flags VI
by Barbecue
Geography
2m
Find the 'City' Movie
by crazypaving
Movies
60s
Colored Red Africa Blitz
by spor1
Geography
45s
More to Explore
Quiz From the Vault
Featured Blog Post
14 Easter Pick-up Lines to Find Eggs With
hide this ad
You Might Also Like...
Tags
Typing Quiz
Today's Top Quizzes in Just For Fun
Browse Just For Fun
hide this ad
Today's Top Quizzes in Typing
Browse Typing
Top Contributed Quizzes in Just For Fun
1
Name Just One - 10 to 1: Just For Fun
2
Missing Word: 2-Letter A-Z II
3
Missing Letter Whitney Houston Songs
4
Avatar the Last Airbender: Logic Puzzle
5
It's Magic / Witchcraft 🎩🪄🧙♀️
6
Survivor Winners Logic Puzzle
7
Missing Word: 'Of' Things A-Z
8
Killer Double Trees 224 - Colour Match-Up
9
Click the Differences: Playground
10
Missing Word: 'Of' Things A-Z II
Explore More
Trending Topics
Anime
Disney
Harry Potter
Marvel
NBA
Crossword
Kpop
Pokémon
Country
Puzzle
The Office
NFL
Soccer
WWE
Song
hide this ad
More By:
eater4664
Quiz
Plays
Rating
Category
Featured
Created
King Of Queens
674
3.50
Television
Mar 31, 2011
Dukes Of Hazzard Charactors
427
4.33
Television
Mar 30, 2011
Harry Potter
414
2.63
Movies
Mar 31, 2011
How Well Do You Know Slash?
358
2.67
Music
Apr 1, 2011
Breeds Of The Cow
319
5.00
Just For Fun
Mar 30, 2011
Go to Creator's Profile
Score Distribution
Quiz Creator Spotlight
eater4664
Follow
Send a Message
Quizzes Created
-
Created Quiz Play Count
-
More By This Creator
Popular Quizzes Today
1
Colored Red Africa Blitz
2
Find the US States - No Outlines Minefield
3
Find the 'City' Movie
4
5x2 Blitz: Bands
5
The Countries of the World
6
Find the US States
7
Find the Countries of Europe - No Outlines Minefield
8
US States
More Just For Fun Quizzes
Animals on the Loose at Sporting Events
Published
Trending Quizzes
Colored Red Europe Blitz I
Colored Red Africa Blitz II
Colored Red Europe Blitz II
Colored Red Africa Blitz III
Colored Red Europe Blitz III
Recently Updated
How Do You Spell That?
pecheneg
Godzilla Movies
pecheneg
Grab Bag: 4-10 Letters
pecheneg
2024 March Madness Bracket
pecheneg
Famous TV Couples
Peacemaker
Champions League XIs: Real Madrid
pecheneg
Largest US Cities 1790-2010
pecheneg
Rides in Walt Disney World
pecheneg
Most Oscar Losses (Acting)
pecheneg
Beyoncé Albums
pecheneg
Trending Topics
Anime
Disney
NBA
Harry Potter
Marvel
Crossword
Kpop
Song
The Office
Soccer
WWE
NFL
Country
Pokémon
Puzzle
Your Account Isn't Verified!
In order to create a playlist on Sporcle, you need to verify the email address you used during registration. Go to your
Sporcle Settings
to finish the process.
Report this User
Report this user for behavior that violates our
Community Guidelines
.
Details:
Send Report
Go to the Sporcle.com Mobile Site →
Comments